|
|
|
แสดงรายละเอียดบรรณานุกรม |
|
|||
| ห้องสมุดโรงเรียนพะเยาพิทยาคม...ยินดีต้อนรับ...ทุกท่านเข้าสู่ระบบห้องสมุดอัตโนมัติ | ||||
|
Brief Record
: Get Marc (ISO 2709)
: E-mail record
: |
|
|
| LEADER 00000nam 2200000uu 4500 | |||
| 001 13399110203 | |||
| 003 ULIBM | |||
| 008 120326s2539||||th 000 0 tha d | |||
| 020 ^a974-612-387-4 | |||
| 082 ^a616.4^bบ434ผ | |||
| 100 ^aบุญทิพย์ สิริธรังศรี. | |||
| 245 ^aผู้ป่วยเบาหวาน:การดูแลแบบองค์รวม /^cโดย บุญทิพย์ สิริธรังศรี. | |||
| 250 ^aพิมพ์ครั้งที่ 3. | |||
| 260 ^aกรุงเทพมหานคร :^bศูนย์เซียน,^c2539. | |||
| 300 ^a196 หน้า :^bภาพประกอบ ;^c21 ซม. | |||
| 650 0 ^aเบาหวาน. | |||
| 650 0 ^aการดูแลผู้ป่วยเบาหวาน. | |||
| 650 0 ^aการดูแลแบบองค์รวม. | |||
| 945 ^p150^l0^i21120 | |||
| 999 ^aNithiwadee | |||
| คุณยังไม่ได้ล็อกอิน คุณสามารถมีกิจกรรมร่วมกับเว็บไซต์ได้ แต่ต้องล็อกอินก่อน :: |
|
| สถานะ | |||||||||
| 1. | หนังสือ | 616.4 บ434ผ 2539 Barcode: 21120 | ►หนังสือทั่วไป | On Shelf ขอยืม | |||||
| 2. | หนังสือ | 616.4 บ434ผ 2539 Barcode: 21119 | ►หนังสือทั่วไป | On Shelf ขอยืม | |||||
| [แสดง 2/2 รายการ] | |||||||||
หนังสือดีน่าอ่าน

“ดั่งดวงแก้ว ส่องสว่าง ทางสายงาม”
จัดทำขึ้นเพื่อเฉลิมพระเกียรติ สมเด็จพระเทพรัตนราชสุดา ฯ สยามบรมราชกุมารี
เนื่องในโอกาสมหามงคลเฉลิมพระชนมพรรษา ๕ รอบ ๒ เมษายน ๒๕๕๘
โดยหนังสือเล่มนี้ได้รวบรวม ๖๐ พระอัจฉริยภาพของสมเด็จพระเทพ ฯ
ผู้อ่านจะได้รับแรงบันดาลใจให้พากเพียรเรียนรู้และขยันอดทนทำการงาน
ตามรอยเบื้องพระยุคลบาท เพราะพระองค์ทรงเป็นแบบอย่างอันดีเยี่ยมในทุกด้าน
ทั้งในความใฝ่รู้ใฝ่เรียน คุณธรรมจริยธรรม พระวิริยอุตสาหะในการทรงงาน
และอื่นๆอีกมากมาย ล้วนสามารถสร้างแรงบันดาลใจให้แก่เด็กและเยาวชน
อีกทั้งประชาชนทั่วไป ให้พากเพียรเรียนรู้และขยันอดทนทำการงานตามรอยพระยุคลบาท
เพื่อฝึกฝนตนเองให้เป็นคนดีคนเก่งของครอบครัวและสังคมต่อไป

| รายการใกล้เคียง หัวเรื่อง [เบาหวาน.] |
แสดงความเห็นเกี่ยวกับหนังสือเล่มนี้ |
| คอมเมนท์ทรัพยากรรายการนี้ |
|
ห้องสมุดเฉลิมพระเกียรติกาญจนาภิเษก โรงเรียนพะเยาพิทยาคม อำเภอเมือง จังหวัดพะเยา 56000
![]()
![]()
E-mail :
Library Phayaopittayakom
05-4431-275 ต่อ 4621